| 000 | 00578 a2200169 4500 | ||
|---|---|---|---|
| 005 | 20250610091411.0 | ||
| 020 | _a978-0-07-062030-8 | ||
| 082 | _a658.4 KOO | ||
| 100 | _aKOONTZ, H. | ||
| 245 | _aEssentials of Management: An International Perspective | ||
| 250 | _a7th Ed. | ||
| 260 |
_aNew Delhi, _bTata McGraw Hill Publishing Company, _c2007. |
||
| 300 |
_axxx, 473p.: ill.; figure, picture, table. _bIndex. _c25cm. |
||
| 700 | _aWEIHRICH, H. | ||
| 856 |
_yAccess online book _fEssentials of Management: An International Perspective _dwww.tatamcgrawhill.com |
||
| 942 |
_2ddc _cBKS |
||
| 999 |
_c2191 _d2191 |
||